Athletic Club Bilbao Squad 2019-20 - Statistics

General Stats
  • This quiz has been taken 9 times
  • The average score is 20 of 29
Answer Stats
Squad Number Position Nationality Player % Correct
14 CM Spanish Dani García
88%
9 ST Spanish Iñaki Williams
88%
15 RB Spanish Iñigo Lekue
88%
22 AM Spanish Raúl García
88%
3 CB Spanish Unai Núñez
88%
1 GK Spanish Unai Simón
88%
5 CB Spanish Yeray
88%
21 RB Spanish Ander Capa
75%
25 ST Spanish Asier Villalibre
75%
7 CM Spanish Beñat
75%
29 CB Spanish Daniel Vivian
75%
4 CB Spanish Iñigo Martínez
75%
24 LB Spanish Mikel Balenziaga
75%
6 DM Spanish Mikel San José
75%
18 RB Spanish Óscar de Marcos
75%
8 CM Spanish Unai López
75%
30 ST Spanish Gorka Guruzeta
63%
13 GK Spanish Iago Herrerín
63%
16 DM Spanish Mikel Vesga
63%
34 CM Spanish Oihan Sancet
63%
27 CM Spanish Unai Vencedor
63%
17 LB Spanish Yuri Berchiche
63%
- Manager Spanish Gaizka Garitano
50%
19 LW Spanish Ibai Gómez
50%
11 LW Spanish Iñigo Córdoba
50%
31 GK Spanish Jokin Ezkieta
50%
23 CF Bosnian Kenan Kodro
50%
10 LW Spanish Iker Munian
38%
12 RW Spanish Gaizka Larrazabal
13%
No matching quizzes found
Score Distribution
Percent of People with Each Score
Percentile by Number Answered
Your Score History
You have not taken this quiz